000
00321nam a22001337a 4500
008
171024b xxu||||| |||| 00| 0 eng d
020
_a
9780697113528
041
_a
eng
080
_a
311
100
_a
55
101
_a
STA
245
_a
CALCULUS FOR MANAGEMENT SOCIAL LIFE SCIENCES
_c
STANLEY.L.G
942
_2
udc
_c
BK
999
_c
35766
_d
35766